Dushman key Aqab Main Jang / دشمن کے عقب میں جنگ (Urdu) / (Record no. 187624)
[ view plain ]
| 000 -LEADER | |
|---|---|
| fixed length control field | 00464 a2200157 4500 |
| 003 - CONTROL NUMBER IDENTIFIER | |
| control field | NUST |
| 005 - DATE AND TIME OF LATEST TRANSACTION | |
| control field | 20230222135713.0 |
| 040 ## - CATALOGING SOURCE | |
| Transcribing agency | Nust |
| 082 ## - DEWEY DECIMAL CLASSIFICATION NUMBER | |
| Classification number | 355.02,HEL |
| 100 ## - MAIN ENTRY--PERSONAL NAME | |
| Personal name | HalerBin , Auto |
| 9 (RLIN) | 109500 |
| 245 ## - TITLE STATEMENT | |
| Title | Dushman key Aqab Main Jang / دشمن کے عقب میں جنگ (Urdu) / |
| Statement of responsibility, etc. | Auto HalerBin Urdu Translate Col Manzur Ahmed |
| 260 ## - PUBLICATION, DISTRIBUTION, ETC. | |
| Place of publication, distribution, etc. | Rawalpindi |
| Name of publisher, distributor, etc. | Army Education |
| 300 ## - PHYSICAL DESCRIPTION | |
| Extent | 289:p. |
| 650 ## - SUBJECT ADDED ENTRY--TOPICAL TERM | |
| Topical term or geographic name entry element | Jang , War |
| 9 (RLIN) | 109501 |
| 942 ## - ADDED ENTRY ELEMENTS (KOHA) | |
| Source of classification or shelving scheme | |
| Koha item type | Book |
| Call number prefix | 355.02,HEL |
| Withdrawn status | Lost status | Source of classification or shelving scheme | Damaged status | Not for loan | Permanent Location | Current Location | Shelving location | Date acquired | Full call number | Barcode | Date last seen | Price effective from | Koha item type | Public note | Collection code | Total Checkouts |
|---|---|---|---|---|---|---|---|---|---|---|---|---|---|---|---|---|
| Military College of Signals (MCS) | Military College of Signals (MCS) | General Stacks | 12/12/2016 | 355.02,HEL | MCS33987 | 12/08/2016 | 12/12/2016 | Book | Almirah No.64, Shelf No.6 | |||||||
| Military College of Signals (MCS) | Military College of Signals (MCS) | General Stacks | 12/12/2016 | 355.02,HEL | MCS33988 | 12/08/2016 | 12/12/2016 | Book | Almirah No.64, Shelf No.6 | |||||||
| Military College of Signals (MCS) | Military College of Signals (MCS) | General Stacks | 12/12/2016 | 355.02,HEL | MCS34039 | 12/08/2016 | 12/12/2016 | Book | Almirah No.64, Shelf No.6 | |||||||
| Military College of Signals (MCS) | Military College of Signals (MCS) | 12/12/2016 | 355.02 HEL | MCS34040 | 12/08/2016 | 12/12/2016 | Book |
